01737aab a2200361 a 4500003000900000008004100009040001800050041001300068044000700081080001100088245002700099260003600126300004900162505003200211505008900243505009200332505006100424505006800485505006100553505007100614505009000685505010200775505009800877505005900975505002101034505007601055505007501131650003101206653001701237653001201254700002301266773008601289AR-RoUNA140529||||||||||||||||| |||| 0|||| d aAR-RoUNAbspa aspaaeng aag a72.03613aOn Diseño /nNº 138 aBarcelona :bOn Diseño,c1996 a219 p. :bdib.bfot. col.bplantasc29x24 cm0 tNUEVA ARQUITECTURA HOTELERA0 aMartorell, J. Bohigas. D. Mackay y A. Puigdomenech/ Hotel Claris (Barcelona). p. 1080 aGonzález Cordón Antonio. Pérez Escolano/ Hotel Plaza de Armas. (Sevilla). p. 1200 aJuanpere Josep. Puig Antonio / Gran Hotel Havana. p. 1320 aMestre Bartolé y Rabola Victor/ Hotel Fiesta. Elvissa. p. 1400 aEspinet . Ubach / Hotel St. Mortiz. (Barcelona). p. 1480 aAranda. R. Pigem y R. Vilalta / Albons Calm Hotel (Girona). p. 1580 aJuampere. J. A Puig. J. Romeau y Asociados/ Hotel Comtes de Barcelona Centre. p. 1720 aBayarri M. J. Gómez Segarra. J. Antonio Cordón y A. Canal / Hotel Podium. (Barcelona). p. 1820 aFerrater. Carlos. A Borrell y C. Borell / Gran Hotel Alexandra y Hotel Alfa. Sabadell. p. 1880 aSostres Josep María / Hotel María Victoria. p. 1960 tDOS RESTAURANTES0 aRestaurante No me quite Pa/ Alicia Núñez y Josep Mº Gracia. p. 2060 aIñigo Correa y Federico Turull / Restaurante Servicio Wilson. p. 212 aArquitectura contemporanea aExposiciones aPremios1 aLlopis, Carmeedrt aOn DiseñodBarcelona, AramEdiciones S.A, 1996gNº138 ( 1992). p.219x0210-2080